DESIGNING THE USER INTERFACE : (Registro nro. 34902)
[ vista simple ]
| 000 -LEADER | |
|---|---|
| fixed length control field | 00844nam a2200193 a 4500 |
| 001 - CONTROL NUMBER | |
| control field | 34902 |
| 005 - DATE AND TIME OF LATEST TRANSACTION | |
| control field | 20180714003124.0 |
| 008 - FIXED-LENGTH DATA ELEMENTS--GENERAL INFORMATION | |
| fixed length control field | 140415d 000 0 eng d |
| 020 ## - INTERNATIONAL STANDARD BOOK NUMBER | |
| International Standard Book Number | 0201684972 |
| 041 ## - LANGUAGE CODE | |
| Language code of text/sound track or separate title | eng |
| 082 ## - DEWEY DECIMAL CLASSIFICATION NUMBER | |
| Classification number | 004.019 |
| Item number | SHN |
| 100 1# - MAIN ENTRY--PERSONAL NAME | |
| Personal name | SHNEIDERMAN, BEN |
| 245 10 - TITLE STATEMENT | |
| Title | DESIGNING THE USER INTERFACE : |
| Remainder of title | STRATEGIES FOR EFFECTIVE HUMAN-COMPUTER INTERACTION |
| 250 ## - EDITION STATEMENT | |
| Edition statement | 3a ed. |
| 260 ## - PUBLICATION, DISTRIBUTION, ETC. | |
| Place of publication, distribution, etc. | [s.l.] : |
| Name of publisher, distributor, etc. | ADDISON WESLEY LONGMAN, |
| Date of publication, distribution, etc. | [s.f.] |
| 300 ## - PHYSICAL DESCRIPTION | |
| Extent | 639 |
| Dimensions | 16.8 x 3.8 x 24 |
| 520 ## - SUMMARY, ETC. | |
| Summary, etc. | EN ESTE LIBRO SE HABLA DE EL USO DE INTERFACE QUE ES LA PARTE DE CADA SISTEMA DE COMPUTO QUE DETERMINA COMO LA GENTE CONTROLA Y OPERA ESTE SISTEMA. AYUDA A CREAR SISTEMAS QUE FACILITEN EL RÁPIDO APRENDIZAJE Y EVITA EL COMETER ERRORES. |
| 650 14 - SUBJECT ADDED ENTRY--TOPICAL TERM | |
| Topical term or geographic name entry element | INTERACCION HOMBRE |
| General subdivision | COMPUTADOR |
| -- | INTERFACES CON EL USUARIO (COMPUTADORES) |
| Withdrawn status | Lost status | Source of classification or shelving scheme | Damaged status | Not for loan | Collection code | Home library | Current library | Shelving location | Date acquired | Source of acquisition | Inventory number | Total Checkouts | Full call number | Barcode | Date last seen | Date last checked out | Price effective from | Koha item type |
|---|---|---|---|---|---|---|---|---|---|---|---|---|---|---|---|---|---|---|
| Dewey Decimal Classification | General | Biblioteca Karol Wojtyla | Biblioteca Karol Wojtyla | Sala general | 03/12/2013 | Compra | 151000000000000000065067 | '004.019 SHN | 52790 | 05/01/2026 | 24/11/2015 | 03/12/2013 | Libro |